000 00947nam0a22002291 4500
001 rc\2559113
005 20250623104054.0
035 _a(NLR Aleph) 006724040
090 _a5474007
_c5474007
100 _a20110914d1927 |||y0rusy50 ca
101 0 _arus
102 _aRU
105 _ay z |||||
200 1 _aОтчет Крайправсвязи к XII Средне-Азиатскому Съезду Связи с резолюциями и постановлениями XII Средне-Азиатского Съезда
_fСред. Аз. Краевое Правление Союза работников Связи
210 _aТашкент
_cБ. и.
_d1927
215 _a94 с.
_d17х11 см.
710 0 2 _aСоюз работников связи СССР
_bСредне-Азиатское краевое правление
801 0 _aRU
_bNLR
_gpsbo
801 1 _aRU
_bELAR
_2rusmarc
852 _aNLR
_j62/3894
942 _cBOOK
980 _aNB